000 00464cam a2200193ua 4500
001 4180
005 20260515113810.0
008 111221n ii |||gr||||Z||||||asm
040 _cMAIN
082 _a891.4513
100 _aBezbaroa, Lakshminath,
245 1 1 _aSurabhi
_cby Lakshminath Bezbaroa
250 _a2nd.
260 _aGuwahati:
_bSahitya Prakash,966.
300 _a81p:
_c23cm.
653 _aAssamese shhort stories
653 _aSurabhi
942 _cBK
999 _c3998
_d3998